000 00950nam a2200241Ia 4500
003 OSt
005 20220923225213.0
006 a|||||r|||| 00| 0
007 ta
008 220922b |||||||| |||| 00| 0 hin d
024 _a260,089
037 _cTextual
040 _aARTS
_cARTS
_bhin
041 _2hin
_ahin
082 _aU8.2M, 152N0
100 _aअधिकारी, प्रहलाद सिंह
245 0 _aहिमालय पर्यटन उद्योग* भौगोलिक, सामाजिक एवं सांस्कृतिक आयाम
246 _aHimālaya paryaṭan udyoga: bhaugolika, sāmājik evan sāanskṛutik āyāma
260 _aनई दिल्ली
_b नार्दन बुक सेंटर
_c1990
300 _a215पृ.
_ccm.
942 _hU8.2M, 152N0
_cTEXL
_2CC
999 _c376715
_d376715